000 00826nam a2200229Ia 4500
001 7588
003 GE_BSU
008 181216s||||||||xx |||||||||||||| ||und||
040 _cGE_BSU
080 _a821.353.1-31
100 _aდოლიძე,ნინო.
245 _aგზა მთებისაკენ მიდის.
245 _bრომანი-მოთხრობები.
245 _cრედ: შ. კაპანაძე,მხატვ:.ჯ.ყაველაშვილი.
260 _aთბილისი.
260 _bსაბჭოთა საქართველო.
260 _c1967.
300 _a487გვ;20სმ.
653 _aგზა მთებისაკენ მიდის.
653 _aრომანი-მოთხრობები.
942 _cBK
999 _c40941
_d40941